000 00619nam a22001817a 4500
005 20251108172911.0
008 250721s2002 xx 000 0 ara d
082 1 4 _a677.64/هاش
100 1 _aأبو هاشم، عبد الستار حسين
245 1 0 _aفن صناعة السجاد و الكليم اليدوي لطلبة التربية الفنية و الفنون التطبيقية /
264 1 _aالقاهرة :
_bمكتبة أبن سينا،
_c2002.
300 _a192 ص.
650 1 7 _aالسجاد
650 1 7 _aالصناعات
650 1 7 _aالمنسوجات
942 _2ddc
_cBK
999 _c91325
_d91325